01492 2200421 4500001002100000005001500021035002000036007000300056008004100059020002200100082001900122084002100141100003000162245022800192250003400420300002500454650003000479700003600509700002700545700002800572700003400600700003000634700003300664700002700697700002600724700002900750700003000779264003600809336002100845337003000866338002300896040002200919090002200941999002200963500005000985041001301035990002201048INLIS00000000086516820211005103532 a0010-1021000088ta211005s2021 yoi g j ind d a978-623-293-536-504223a899.221301 a899.221301 ANT d0 aDavid AlbahariePengarang10aDari tepi sungai vistula /cDavid Albahari, Svetlana Alexievich, Karel Capek, Anton Chekov, Fyodor Dostoyevsky, Jaroslav Hasek, Miljenko Jergovic, Franz Kafka, Danilo Kis; penerjemah, Anton Kurnia; penyunting, Nisrina Lubis aCetakan pertama, Oktober 2021 a167 halaman ;c19 cm 4aCerita pendek--xKumpulan0 aSvetlana AlexievichePenyunting0 aKarel CapekePengarang0 aAnton ChekovePengarang0 aFyodor DostoyevskyePengarang0 aJaroslav HasekePengarang0 aMiljenko JergovicePengarang0 aFranz KafkaePengarang0 aDanilo KisePengarang0 aAnton KurniaePenerjemah0 aNisrina LubisePenyunting31aYogyakarta :bDIVA Press,c2021 2rdacontentateks 2rdamediaatanpa perantara 2rdacarrieravolume aYOPDYOGbinderda aCB-D.11 2021-1256 aCB-D.11/2021-1256 aJudul asli: Trash is Better and Other Stories1 aindheng aCB-D.11/2021-1256